000 00851nam a2200229 a 4500
001 BRCA_105
005 20190320202900.0
008 910401s1990 mx-a---###---s000-0#spa-d
041 _aspa
044 _amx
050 4 _aF1391.P8
_b.Q56 1990
245 1 0 _aCrónicas de Puebla de los Angeles
_bsegún testimonios de algunos viajeros que la visitaron entre los años 1540-1960
_cIgnacio Ibarra Mazari, compilador.
260 _a[Puebla]
_bGobierno del Estado de Puebla
_c[1990]
300 _a393 p.
_bil., mapas
_c28 cm.
440 0 _aColección V Centenario
_9406
651 4 _aPuebla (México)
_xDescripción y viajes
_9407
651 4 _aPuebla (México)
_xVida social y costumbres
_9408
651 4 _aPuebla (México)
_xHistoria
_9409
653 0 _aViajeros extranjeros en México
700 1 _aIbarra Mazari, Ignacio
_d1976-
_ecomp.
_9410
942 _2lcc
_cB
999 _c90
_d90